000 00364pab a2200145 454500
008 180718b2006 xxu||||| |||| 00| 0 eng d
100 _aDhagamwar, Vasudha
245 _aThe Paradip project: harbinger of light or of darkness?
260 _c2006
300 _ap.124-29.
362 _aMar
650 _aSteel industry
773 _aSocial Change
909 _a70029
999 _c70029
_d70029